Загрузка...

Fluid mechanics /

Библиографические подробности
Главный автор: Streeter, Victor L.
Другие авторы: Wylie, E. Benjamin
Язык:Undetermined
Опубликовано: Auckland : McGraw-Hill book co , 1986.
Предметы:
LEADER 00545nam a2200181Ia 4500
001 16641
008 170722s9999 xx 000 0 und d
100 |a Streeter, Victor L. 
245 |a Fluid mechanics / 
260 |a Auckland :  |b McGraw-Hill book co ,  |c 1986. 
300 |a ix+562  |c 20cms 
653 |a Hydrodynamics 
653 |a Mathematics 
653 |a Mechanics 
700 |a Wylie, E. Benjamin 
942 |c GEN 
999 |c 109048  |d 109048 
952 |0 0  |1 0  |4 0  |6 B_753_M1_TB  |7 0  |9 153676  |a LIB  |b LIB  |d 2013-03-25  |o B75:3 M1, TB  |p 206720  |r 2017-08-12  |w 2017-08-12  |y GEN